| 000 | 00686nam a2200217 a 4500 | ||
|---|---|---|---|
| 001 | 2724 | ||
| 003 | BD-RjUl | ||
| 005 | 20211208233615.0 | ||
| 008 | 131217r19381930enk 001 0 eng d | ||
| 035 | _aCURL **020000203329**(Edi) from jsrc10 | ||
| 040 |
_aBD-RjUL _beng _cBD-RjUL |
||
| 041 | _aeng | ||
| 082 |
_219 _a 338.9 _bSHE |
||
| 100 | 1 |
_aShann, Edward Owen Giblin, _d1884- _98743 |
|
| 245 | 1 | 3 |
_aAn economic history of Australia / _cby Edward Shann |
| 260 |
_aCambridge : _bCambridge University Press, _c1948 |
||
| 300 |
_axvi, 456p.: _c23 cm. |
||
| 504 | _aIncludes bibliographical references and index | ||
| 650 |
_aAustralia -- Economic conditions. _9141813 |
||
| 942 |
_2ddc _cBK |
||
| 999 |
_c2724 _d2724 |
||